|
|
|
|
| LEADER |
00000nlm0a2200000 4500 |
| 001 |
643568 |
| 005 |
20240125145950.0 |
| 029 |
1 |
0 |
|a RU
|b 2453495
|c Пат.
|d МПК C 01 B 7/19
|
| 035 |
|
|
|a (RuTPU)RU\TPU\network\8563
|
| 035 |
|
|
|a RU\TPU\network\8561
|
| 039 |
0 |
|
|a RU
|b 2010149903/05
|c 20101203
|
| 090 |
|
|
|a 643568
|
| 100 |
|
|
|a 20150916j20120620k y0rusy50 ca
|
| 101 |
0 |
|
|a rus
|
| 102 |
|
|
|a RU
|
| 105 |
|
|
|a a k 000zy
|
| 135 |
|
|
|a drcn ---uucaa
|
| 181 |
|
0 |
|a i
|
| 182 |
|
0 |
|a b
|
| 200 |
1 |
|
|a Способ получения фтороводорода
|f И. В. Петлин, Р. И. Крайденко, А. Н. Дьяченко
|g Национальный исследовательский Томский политехнический университет (ТПУ)
|
| 203 |
|
|
|a Текст
|c электронный
|
| 300 |
|
|
|a опубл. 20.06.12
|
| 330 |
|
|
|a Изобретение может быть использовано в неорганической химии. Способ получения фтороводорода включает сернокислотное разложение флюорита. При этом во флюорит вводят добавку фторида натрия в количестве до 10% от общей массы флюорита. Изобретение позволяет снизить тепловые затраты на подогрев исходных реагентов.
|
| 610 |
1 |
|
|a патенты
|
| 610 |
1 |
|
|a труды учёных ТПУ
|
| 610 |
1 |
|
|a электронный ресурс
|
| 610 |
1 |
|
|a изобретения
|
| 700 |
|
1 |
|a Петлин
|b И. В.
|c химик-технолог
|c доцент Томского политехнического университета, кандидат наук
|f 1987-
|g Илья Владимирович
|3 (RuTPU)RU\TPU\pers\27919
|9 12922
|
| 701 |
|
1 |
|a Крайденко
|b Р. И.
|c химик-технолог
|c доцент Томского политехнического университета, старший научный сотрудник, кандидат химических наук
|f 1983-
|g Роман Иванович
|3 (RuTPU)RU\TPU\pers\26383
|
| 701 |
|
1 |
|a Дьяченко
|b А. Н.
|c химик-технолог
|c профессор Томского политехнического университета, доктор технических наук
|f 1977-
|g Александр Николаевич
|3 (RuTPU)RU\TPU\pers\27691
|
| 712 |
0 |
2 |
|a Национальный исследовательский Томский политехнический университет (ТПУ)
|b Физико-технический институт (ФТИ)
|b Кафедра химической технологии редких, рассеянных и радиоактивных элементов (№ 43) (ХТРЭ)
|3 (RuTPU)RU\TPU\col\18733
|
| 801 |
|
1 |
|a RU
|b 63413507
|c 20120201
|
| 801 |
|
2 |
|a RU
|b 63413507
|c 20160606
|g RCR
|
| 856 |
4 |
|
|u http://www1.fips.ru/Archive/PAT/2012FULL/2012.06.20/DOC/RUNWC1/000/000/002/453/495/document.pdf
|
| 942 |
|
|
|c CF
|